Star Wars Subtitles - Statistics

General Stats
  • This quiz has been taken 17 times
  • The average score is 10 of 11
Answer Stats
Hint Answer % Correct
Episode IV A New Hope
92%
Solo: A Star Wars Story
92%
Rogue One: A Star Wars Story
92%
Episode VI Return of the Jedi
92%
Episode III Revenge of the Sith
92%
Episode I The Phantom Menace
92%
Episode II Attack of the Clones
85%
Episode V The Empire Strikes Back
85%
Episode VII The Force Awakens
85%
Episode IX The Rise of Skywalker
85%
Episode VIII The Last Jedi
77%
No matching quizzes found
Score Distribution
Percent of People with Each Score
Percentile by Number Answered
Your Score History
You have not taken this quiz